El periodismo deportivo en la sociedad moderna

Guardat en:
Dades bibliogràfiques
Autor principal: Alcoba López, Antonio (Autor)
Format: Llibre
Idioma:espanyol
Publicat: Madrid E. Minuesa 1980
Matèries:
Etiquetes: Afegir etiqueta
Sense etiquetes, Sigues el primer a etiquetar aquest registre!

MARC

LEADER 00000nam a2200000 a 4500
001 UCU0511
003 CL-VaPUC
008 960322e19800000SP |||||||||||||||||spa|d
082 0 4 |a 070.449  |b ALC  |2 21 
100 0 |a Alcoba López, Antonio  |e author  |9 355738 
245 1 3 |a El periodismo deportivo en la sociedad moderna 
300 |a 312 p 
942 |c BK 
945 |d 19960322 00:00:00  |a lriquelm 
260 |a Madrid  |b E. Minuesa  |c 1980 
650 0 |a Periodismo   |9 310113 
650 0 |a Periodistas   |9 335499 
650 0 |a Prensa  |9 258117 
650 0 |a Sociedad  |9 307903 
650 7 |a DEPORTE  |2 CL-VaPUC  |9 355739 
583 |a last modification  |c 20190711 11:16:30  |k Rodrigo Vera 
999 |c 245354  |d 245352 
952 |0 0  |1 0  |4 0  |6 070_449000000000000_ALC_1980  |7 0  |8 P  |9 259839  |a BIBEDU  |b BIBEDU  |c BIBEDU_PB  |d 2019-11-19  |i 1636537  |o 070.449 ALC 1980  |p 1636537  |r 2024-01-25  |w 2019-11-19  |y BK  |k EDU